000 00610nam a2200181Ia 4500
005 20260429112041.0
008 260429s9999||||xx |||||||||||||| ||und||
020 _a9789391798475
041 _aHindi
082 _a891.433
_bMEE
100 _aमीनू, रजत रानी
245 0 _aजाति, स्त्री और साहित्य /
_cरजत रानी मीनू
250 _arev.
260 _aदिल्ली :
_bएकैडमिक पब्लिकेशन,
_c2024.
300 _a230 p.; Hb
650 _aहिंदी उपन्यास
942 _cTB
999 _c52086
_d52086